000 00542nam a2200181Ia 4500
999 _c3663
_d3663
003 GBCCL
005 20241126110500.0
008 171201b xxu||||| |||| 00| 0 eng d
040 _cgbc
082 _aVER 253.20922
_bNEN
100 _aNengsong, H
_97266
245 _aConvention Worker-te Tanchin (1910-2011) /
_cH. Nengsong
260 _bAuthor,
_aHiangtam Lamka:
_c2012
300 _a288p.;
_bill.,
_c23 cm.
650 _aChurch Workers
_vBiographies
_97267
650 _aEvangelical Baptist Convention
_zManipur
_zIndia
_97268
942 _2ddc
_cBK